00586nam a22001812a 450000100060000000300080000600500170001400800410003103500190007204000370009104100080012808200210013610000350015724500820019226000830027430000190035765100280037632705BD-RjUL20211209051901.0140428t1954 enk 000 0 eng d a(BD-RjUL)32795 aDLCcUUMdOCLdEQOdBD-RjULbeng aeng a301.44bLAI 19541 aLambton, Ann K. S.,d1912-200810aIslamic society in Persia :ban inaugural lecture delivered on 9 March 1954 / aLondon :bSchool of Oriental and African Studies, University of London,c1954. a32 p. ;c22 cm 0aIranxSocial conditions